Chargement en cours...

Marketing research text, applications and case studies

Détails bibliographiques
Auteur principal: Majumdar, Ramanuj
Autres auteurs: Day, George S
Format: Printed Book
Langue:English
Publié: New Delhi Wiley Eastern Ltd. 1991
Sujets:
LEADER 00646nam a2200193 a 4500
005 20151215125604.0
008 960221s1955 dcuabcdjdbkoqu001 0deng d
003 ViArRB
082 |a 658.83  |b MAJ;3 
100 |a Majumdar, Ramanuj  |9 1073 
245 |a Marketing research  |b text, applications and case studies 
300 |a xvi, 365p. 
653 |a Marketing research-scope 
700 |a Day, George S 
942 |c BK  |6 _ 
260 |a New Delhi  |b Wiley Eastern Ltd.  |c 1991 
020 |a 8122403387 
999 |c 107191  |d 107191 
952 |0 0  |1 0  |2 ddc  |4 0  |6 65883_MAJ3  |7 0  |9 134784  |a SMS  |b SMS  |c GEN  |d 2010-01-05  |l 2  |o 658.83 MAJ;3  |p SMS016846  |r 2011-03-29  |s 2011-01-24  |w 2010-01-05  |y BK